00448pam a2200169 i 4500020001500000082001200015100001600027245002800043260004400071300002600115490003300141500002000174650002200194650001900216650002000235700002300255 a071670026300a612 SIN1 aSinger, Sam14aThe biology of people / aSan Francisco :bW. H. Freeman,cc1978. axii, 546 p. :bill. ;0 aA Series of books in biology aIncludes index. 0aHuman physiology. 0aHuman biology. 0aHuman genetics.1 aHilgard, Henry R.,